00257nam a2200109Ia 4500100002300000490000700023654001300030245004900043260002900092082001400121546001200135 aSchildt/ & others  vII aComputer aOsborne Windows Programming Series Vol 2 bOsborneaNew Yorkc1994 a5.13bPAN aENGLISH